Vida de Shelley
Bibliografía sobre Shelley escrita por Bailey. El libro se encuentra traducido al español.
Guardado en:
| Hovedforfatter: | |
|---|---|
| Format: | Bog |
| Sprog: | Undetermined |
| Udgivet: |
Buenos Aires, Argentina
Nova
1945
|
| Fag: | |
| Tags: |
Tilføj Tag
Ingen Tags, Vær først til at tagge denne postø!
|
MARC
| LEADER | 00000nam a2200000Ia 4500 | ||
|---|---|---|---|
| 008 | 170316s9999 xx 000 0 und d | ||
| 040 | |a cru BVZT | ||
| 090 | |a 820 B-2v | ||
| 100 | |a Bailey, Ruth | ||
| 245 | |a Vida de Shelley | ||
| 260 | |a Buenos Aires, Argentina | ||
| 260 | |b Nova | ||
| 260 | |c 1945 | ||
| 300 | |a 168 páginas | ||
| 520 | |a Bibliografía sobre Shelley escrita por Bailey. El libro se encuentra traducido al español. | ||
| 650 | |a LITERATURA INGLESA |9 12 | ||
| 999 | |c 6744 |d 6744 | ||
| 942 | |c 15 D |h 820 B-2v |2 z | ||
